000 00781cab a2200241 4500
001 WB3330-15
008 090401t1997 xxu||||| |||| 00| 0 eng d
035 _a(Sirsi) u79979
041 _aeng
245 _aBest value framework
260 _c1997
350 _a0
490 _aDoE News Release
_v(299/ENV) 25 July 1997 (10)
520 _aThe Local Government Minister has published for consultation proposals for changing CCT regulations and guidance, and has invited local authorities to take part in the Best Value pilot scheme. Summary.
650 _aBEST VALUE
650 _aCCT
650 _aCOMPULSORY COMPETITIVE TENDERING
650 _aLOCAL AUTHORITIES
650 _aLOCAL GOVERNMENT
690 _aECONOMIC AND SOCIAL
942 _n0
948 _c29/07/1997
999 _c50334
_d50334